Ảnh hưởng của các Elicitor sinh học và phi sinh học đến sinh khối và hàm lượng Saponin của rễ thứ cấp trong nuôi cấy lỏng lắc rễ bất định sâm Ngọc Linh /

Saved in:
Bibliographic Details
Main Author: Nguyễn Thị Nhật Linh.
Other Authors: Dương Tấn Nhựt., Hoàng Thanh Tùng., Nguyễn Hoàng Lộc.
Format: Article
Language:Vietnamese
Subjects:
Tags: Add Tag
No Tags, Be the first to tag this record!
Institutions: Thư viện Trường Đại học Đà Lạt
LEADER 01115nam a2200325 4500
001 DLU210195573
005 ##20210108
040 # # |a DLU  |b vie 
041 # # |a vie 
044 # # |a vn 
100 # # |a Nguyễn Thị Nhật Linh. 
245 # # |a Ảnh hưởng của các Elicitor sinh học và phi sinh học đến sinh khối và hàm lượng Saponin của rễ thứ cấp trong nuôi cấy lỏng lắc rễ bất định sâm Ngọc Linh /  |c Nguyễn Thị Nhật Linh, ...[và những người khác]. 
653 # # |a Elicitor 
653 # # |a In vitro 
653 # # |a Rễ thứ cấp 
653 # # |a Sâm Ngọc Linh. 
653 # # |a Saponin 
700 # # |a Dương Tấn Nhựt. 
700 # # |a Hoàng Thanh Tùng. 
700 # # |a Nguyễn Hoàng Lộc. 
773 # # |t Tạp chí Công nghệ Sinh học  |g Số 15(2), 2017, tr. 285-291 
920 # # |a Phòng Tạp chí -- Trung tâm Thông tin - Thư viện Trường Đại học Đà Lạt 
994 # # |a DLU 
900 # # |a True 
911 # # |a Hoàng Thị Huyền 
925 # # |a G 
926 # # |a A 
927 # # |a BB 
980 # # |a Thư viện Trường Đại học Đà Lạt